000 00619nam a2200181Ia 4500
005 20260429112240.0
008 260429s9999||||xx |||||||||||||| ||und||
020 _a9788171782215
041 _aHindi
082 _a891.431
_bNIR
100 _aनिराला, सूर्यकांत त्रिपाठी
245 0 _aमहाभारत /
_cसूर्यकांत त्रिपाठी निराला
250 _a9th ed.
260 _aनई दिल्ली :
_bराजकमल प्रकाशन,
_c2024.
300 _a287 p.; Hb
650 _aHindi Literature
942 _cTB
999 _c53114
_d53114